[Event "WA  Premier"]
[Site "Seattle"]
[Date "2010.02.06"]
[Round "2"]
[White "Sang Tian"]
[Black "Wang Michael"]
[Result "1-0"]
[WhiteElo "2130"]
[BlackElo "2079"]

1.e4 c5 2.Nf3 d6 3.c3 Nf6 4.Bd3 e6 5.Bc2 Be7 6.O-O O-O 7.d4 cxd4
8.cxd4 a6 9.Nc3 Qc7 10.Bg5 b5 11.e5 Nd5 12.Nxd5 exd5 13.Rc1 Qd8
14.Bxh7+ Kxh7 15.Rxc8 Qxc8 16.Bxe7 Rh8 17.Ng5+ Kg8 18.Qf3 Qe8
19.Qxd5 Nc6 20.Bxd6 Rd8 21.h3 Ne7 22.Qf3 Rh6 23.b4 Rg6 24.h4
Rh6 25.g3 g6 26.Ne4 Nd5 27.Qb3 Rxd6 28.exd6 Rh5 29.Qxd5 Rxd5
30.Nf6+ Kf8 31.Nxe8 Kxe8 32.Re1+ Kf8 33.Rd1 Rxd6 34.Kf1 Ke7 35.Ke2
Rc6 36.Kd3 Rc4 37.a3 a5 38.Rb1 a4 39.Re1+ Kd6 40.g4 f6 41.h5
gxh5 42.gxh5 Kd5 43.Re4 Rc1 44.Rh4 Ra1 45.h6 Rxa3+ 46.Kc2 Ra2+
47.Kb1 Rxf2 48.h7 Rf1+ 49.Kb2 Rf2+ 50.Kc3 Rf3+ 51.Kd2 a3 52.h8Q
a2 53.Qa8+ Kd6 54.Qa6+ Kc7 55.Rh7+ 1-0

[Event "WA  Premier"]
[Site "Seattle"]
[Date "2010.02.06"]
[Round "2"]
[White "Watts Peter"]
[Black "Dean Randy"]
[Result "0-1"]
[WhiteElo "1909"]
[BlackElo "2095"]

1.d4 Nf6 2.c4 e6 3.Nf3 Bb4+ 4.Bd2 Qe7 5.Qc2 Nc6 6.Nc3 O-O 7.e4
d6 8.a3 Bxc3 9.bxc3 e5 10.d5 Nb8 11.g3 Na6 12.Bg2 Nc5 13.Nh4
h6 14.O-O Re8 15.Rae1 Bd7 16.Be3 b6 17.Bxc5 bxc5 18.Rb1 Rab8
19.Rxb8 Rxb8 20.Rb1 Rb6 21.a4 Bxa4 22.Qa2 Bd7 23.Re1 a6 24.Nf3
Qd8 25.Nd2 Qb8 26.Rb1 Rxb1+ 27.Nxb1 a5 28.Nd2 Qb6 29.Nb3 a4 30.Nc1
g6 31.f3 Kg7 32.Bf1 Nh5 33.Bd3 f5 34.Bc2 Qa7 35.exf5 gxf5 36.Nd3
Qa5 37.Qa3 Nf6 38.Nb2 e4 39.Bxa4 exf3 40.Qb3 Bxa4 41.Nxa4 Ne4
42.Qc2 Qa6 43.Nb2 Qa2 44.g4 fxg4 45.Qxe4 Qa1+ 46.Kf2 Qxb2+ 47.Kg3
Qg2+ 48.Kf4 Qe2 49.Qf5 Qe5+ 0-1

[Event "WA  Premier"]
[Site "Seattle"]
[Date "2010.02.06"]
[Round "2"]
[White "Bartron Paul"]
[Black "Kelley Dereque"]
[Result "1/2-1/2"]
[WhiteElo "2096"]
[BlackElo "2156"]

1.e4 e5 2.Nf3 Nc6 3.Bb5 a6 4.Ba4 Nf6 5.O-O Be7 6.d4 exd4 7.e5
Ne4 8.Nxd4 Nxd4 9.Qxd4 Nc5 10.Nc3 Nxa4 11.Qxa4 O-O 12.Bf4 d5
13.exd6 cxd6 14.Rad1 Be6 15.Qb4 a5 16.Qa3 d5 17.Qb3 Bg5 18.Bxg5
Qxg5 19.Nxd5 Rad8 20.c4 b5 21.Qxb5 Rb8 22.f4 Rxb5 23.fxg5 Rxb2
24.Rf2 Rfb8 25.Rdd2 Rb1+ 26.Rf1 Kf8 27.Rxb1 Rxb1+ 28.Kf2 Bxd5
29.cxd5 Ke7 30.d6+ Kd7 31.Kg3 Rb4 32.Rd5 a4 33.Kf3 Rb2 34.Re5
Rxa2 35.Re7+ Kxd6 36.Rxf7 g6 37.Rxh7 Ke6 38.g4 a3 39.h4 Rh2 40.Kg3
a2 41.Ra7 Rb2 42.h5 gxh5 43.gxh5 Rb3+ 44.Kf4 Rb4+ 45.Ke3 Rb3+
46.Ke4 Rb4+ 47.Kd3 Rb3+ 48.Kc2 Rh3 49.h6 Rh2+ 50.Kb3 Kf5 51.Ra5+
Kg6 52.Rxa2 Rh3+ 53.Kc4 Kxg5 54.Ra6 Rxh6 55.Rxh6 Kxh6 1/2-1/2

[Event "WA  Premier"]
[Site "Seattle"]
[Date "2010.02.07"]
[Round "3"]
[White "Warrier Vishnu"]
[Black "Sang Tian"]
[Result "0-1"]
[WhiteElo "1913"]
[BlackElo "2130"]

1.Nf3 f5 2.d4 Nf6 3.g3 e6 4.Bg2 d5 5.O-O Bd6 6.c4 c6 7.b3 Qe7
8.Bb2 O-O 9.Ne5 Bd7 10.Nd2 Be8 11.f3 c5 12.e3 Nc6 13.f4 Bh5 14.Nxc6
bxc6 15.Qc2 Rac8 16.Rfc1 Rfd8 17.a3 cxd4 18.exd4 c5 19.dxc5 Bxc5+
20.Kh1 Ng4 21.Bf3 dxc4 22.b4 Ne3 23.Bxh5 Nxc2 24.Rxc2 Be3 25.Nf3
g6 26.Re1 Bb6 0-1

[Event "WA  Premier"]
[Site "Seattle"]
[Date "2010.02.07"]
[Round "3"]
[White "Kelley Dereque"]
[Black "Xing Kerry"]
[Result "1-0"]
[WhiteElo "2156"]
[BlackElo "2110"]

1.d4 f5 2.g3 Nf6 3.Bg2 g6 4.Nf3 Bg7 5.O-O O-O 6.c4 d6 7.Nc3 Qe8
8.d5 Na6 9.Rb1 c5 10.dxc6 bxc6 11.b4 Bd7 12.a3 Nc7 13.Bb2 Ne6
14.c5 d5 15.Ne5 Ng5 16.b5 e6 17.a4 Nfe4 18.Nxe4 Nxe4 19.Bxe4
fxe4 20.Nxd7 Qxd7 21.Bxg7 Kxg7 22.Qd4+ Kg8 23.Rfc1 Rf7 24.b6
Raf8 25.a5 e5 26.Qxe5 Rxf2 27.Rf1 Qf7 28.Qa1 d4 29.b7 Rxf1+ 30.Rxf1
Qxb7 31.Rxf8+ Kxf8 32.Qxd4 Kg8 33.Qxe4 Qb5 34.Qe8+ Kg7 35.Qe7+
Kh6 36.Kf2 Qxa5 37.Qf8+ Kh5 38.Qf3+ Kh6 39.Qxc6 Qc3 40.Qd6 a5
41.c6 a4 42.c7 Kh5 43.g4+ Kg5 44.Qd8+ Kf4 45.c8Q Qe3+ 46.Kf1
Qh3+ 47.Ke1 1-0

[Event "WA  Premier"]
[Site "Seattle"]
[Date "2010.02.07"]
[Round "3"]
[White "MacGregor Michael"]
[Black "Watts Peter"]
[Result "1-0"]
[WhiteElo "2176"]
[BlackElo "1909"]

1.e4 Nf6 2.e5 Nd5 3.Nf3 d6 4.d4 Bg4 5.Be2 Nc6 6.O-O dxe5 7.Nxe5
Bxe2 8.Qxe2 Nxe5 9.dxe5 Qd7 10.c4 Nb6 11.Rd1 Qe6 12.b3 Nd7 13.Bb2
g5 14.Nc3 O-O-O 15.Qe3 Bg7 16.Qxa7 Bxe5 17.Nb5 c6 18.Re1 cxb5
19.Bxe5 Nxe5 20.Qc5+ Qc6 21.Qxe5 bxc4 22.Rac1 b5 23.a4 Rd5 1-0

[Event "WA  Premier"]
[Site "Seattle"]
[Date "2010.02.07"]
[Round "3"]
[White "Dean Randy"]
[Black "Bartron Paul"]
[Result "1-0"]
[WhiteElo "2095"]
[BlackElo "2096"]

1.e4 c5 2.Nf3 e6 3.d4 cxd4 4.Nxd4 Nf6 5.Nc3 d6 6.g4 Nc6 7.g5
Nd7 8.Be3 a6 9.h4 Nxd4 10.Qxd4 Ne5 11.Be2 Nc6 12.Qb6 Qxb6 13.Bxb6
Bd7 14.O-O-O Rc8 15.f4 Be7 16.a3 O-O 17.Bg4 Nb8 18.f5 Rc6 19.Bd4
Rfc8 20.f6 Bf8 21.fxg7 Bxg7 22.Bxg7 Kxg7 23.Rd3 Kf8 24.Rf1 Ke7
25.Rdf3 Rf8 26.Rf6 Rc5 27.Rh6 Rh8 28.Rhf6 Be8 29.Bh5 Nd7 30.Rh6
Ne5 31.Be2 b5 32.Nd1 Bc6 33.b4 Rc4 34.Bxc4 Nxc4 35.Nc3 Nxa3 36.h5
Be8 37.Kd2 Nc4+ 38.Ke2 a5 39.bxa5 b4 40.Nd1 Nxa5 41.Rg1 Bb5+
42.Ke1 Rc8 43.Ne3 Rc3 44.Kd2 Kf8 45.Rxh7 Kg8 46.g6 fxg6 47.hxg6
Rc8 48.Ng4 Nc4+ 49.Ke1 1-0

[Event "WA  Premier"]
[Site "Seattle"]
[Date "2010.02.07"]
[Round "3"]
[White "Wang Michael"]
[Black "McMillan Charles"]
[Result "0-1"]
[WhiteElo "2079"]
[BlackElo "2068"]

1.c4 Nf6 2.Nc3 g6 3.g3 Bg7 4.Bg2 O-O 5.d3 d6 6.e4 c6 7.Nge2 e5
8.O-O Nbd7 9.h3 Nh5 10.g4 Nhf6 11.Bg5 h6 12.Be3 Qc7 13.Qd2 Kh7
14.Rad1 a6 15.d4 h5 16.g5 Ne8 17.f4 exf4 18.Nxf4 Rg8 19.Qe2 Rf8
20.Rf2 Qd8 21.Rdf1 Kg8 22.Nxh5 gxh5 23.Qxh5 Qe7 24.e5 Nxe5 25.dxe5
Qxe5 26.Bf4 Qd4 27.Be4 f5 28.gxf6 Nxf6 29.Qg6 Nxe4 30.Nxe4 Bf5
31.Qg3 Bxe4 32.Be3 Qe5 33.Bf4 Qh5 34.Bxd6 Rxf2 35.Qxf2 Qg6+ 36.Qg3
Bxb2 37.Kh2 Qxg3+ 38.Kxg3 b5 39.Rf4 Bd3 40.c5 a5 41.Rf2 Bg7 42.Rd2
Bc4 43.h4 b4 44.h5 a4 45.Bf4 b3 46.h6 bxa2 47.hxg7 a1Q 0-1

[Event "WA  Premier"]
[Site "Seattle"]
[Date "2010.02.07"]
[Round "4"]
[White "Sang Tian"]
[Black "Kelley Dereque"]
[Result "1/2-1/2"]
[WhiteElo "2130"]
[BlackElo "2156"]

1.e4 e5 2.Bc4 Nf6 3.Nc3 Nc6 4.Nf3 Nxe4 5.Nxe4 d5 6.Bd3 dxe4 7.Bxe4
Bd6 8.O-O O-O 9.c3 f5 10.Bd5+ Kh8 11.d3 Qf6 12.Ng5 Qg6 13.f4
Bc5+ 14.Kh1 h6 15.Nf3 e4 16.Bxc6 Qxc6 17.Ne5 Qf6 18.d4 Bd6 19.Be3
c6 20.Qe2 Be6 21.c4 Rad8 22.Rad1 Bg8 23.b3 Kh7 24.Rd2 Bb4 25.Rc2
Ba5 26.Rg1 Bb6 27.Rd2 Be6 28.Rgd1 Ba5 29.Rb2 Qe7 30.h3 g6 31.Kh2
Rf6 32.b4 Bc7 33.a3 Bg8 34.Rbd2 Re6 35.Kh1 b6 36.g3 Red6 37.Qh2
Qe8 1/2-1/2

[Event "WA  Premier"]
[Site "Seattle"]
[Date "2010.02.07"]
[Round "4"]
[White "Wang Michael"]
[Black "Warrier Vishnu"]
[Result "0-1"]
[WhiteElo "2079"]
[BlackElo "1913"]

1.c4 c5 2.g3 Nf6 3.Bg2 Nc6 4.Nc3 e5 5.d3 Be7 6.e4 d6 7.Nge2 Be6
8.h3 Nd7 9.O-O O-O 10.f4 f5 11.exf5 Bxf5 12.g4 Be6 13.Nd5 Rb8
14.Nxe7+ Qxe7 15.f5 Bf7 16.Nc3 Nd4 17.Ne4 b5 18.Bg5 Nf6 19.Qe1
bxc4 20.Qh4 Be8 21.Nxf6+ gxf6 22.Bd5+ Kh8 23.Bh6 cxd3 24.g5 fxg5
25.Bxg5 Qg7 26.f6 Qg6 27.Kh1 Bf7 28.Be4 Qh5 29.Qxh5 Bxh5 30.Bh6
Rf7 31.Rg1 Bf3+ 32.Bxf3 Nxf3 33.Rg3 e4 34.Bg7+ Rxg7 35.Rxg7 Rxb2
36.Rg2 Rxg2 37.Kxg2 Kg8 38.Rb1 Kf7 39.Kf2 c4 40.Ke3 c3 41.Rb7+
Kxf6 42.Kxe4 d2 0-1

[Event "WA  Premier"]
[Site "Seattle"]
[Date "2010.02.07"]
[Round "4"]
[White "Xing Kerry"]
[Black "Dean Randy"]
[Result "0-1"]
[WhiteElo "2110"]
[BlackElo "2095"]

1.d4 Nf6 2.c4 e6 3.Nc3 Bb4 4.Qc2 O-O 5.a3 Bxc3+ 6.Qxc3 d5 7.Bg5
dxc4 8.Qxc4 b6 9.Nf3 Ba6 10.Qc2 Nbd7 11.g3 c5 12.Qa4 Bb7 13.Bg2
cxd4 14.Qxd4 e5 15.Qd6 h6 16.Bxf6 Nxf6 17.Qxe5 Re8 18.Qd4 Qxd4
19.Nxd4 Bxg2 0-1

[Event "WA  Premier"]
[Site "Seattle"]
[Date "2010.02.07"]
[Round "4"]
[White "McMillan Charles"]
[Black "Watts Peter"]
[Result "0-1"]
[WhiteElo "2068"]
[BlackElo "1909"]

1.e4 Nf6 2.e5 Nd5 3.Nc3 Nxc3 4.bxc3 d6 5.f4 g5 6.d4 gxf4 7.Bxf4
Nc6 8.Bc4 dxe5 9.Qh5 e6 10.dxe5 Qe7 11.Ne2 Qc5 12.Bd3 Bd6 13.Rf1
Bxe5 14.Kd1 Bd6 15.Qxf7+ Kxf7 16.Bxd6+ Qf5 17.Bxf5 cxd6 18.Bd3+
Ke7 19.Nd4 Ne5 20.Rb1 Ng4 21.Re1 Nxh2 22.Nxe6 Bxe6 23.Bf5 Kf6
24.Bxe6 Rae8 25.Bh3 Rxe1+ 26.Kxe1 b6 27.Rd1 Ke5 28.Rd4 Rf8 29.Ke2
Rf4 30.Kd3 h5 31.Bc8 Rxd4+ 32.cxd4+ Kf4 33.Bb7 Ng4 34.a4 Kg3
35.c4 Kf2 36.Bf3 Nf6 37.a5 h4 38.a6 h3 39.gxh3 Kxf3 40.Kc3 Ke3
41.h4 Ne4+ 42.Kb4 Kxd4 43.Kb5 d5 44.h5 dxc4 45.h6 Nf6 46.Kc6
c3 47.Kb7 c2 48.Kxa7 c1Q 49.Kb7 Kd5 0-1

[Event "WA  Premier"]
[Site "Seattle"]
[Date "2010.02.07"]
[Round "4"]
[White "Bartron Paul"]
[Black "MacGregor Michael"]
[Result "1-0"]
[WhiteElo "2096"]
[BlackElo "2176"]

1.e4 e5 2.Nf3 Nc6 3.Bb5 a6 4.Ba4 Nf6 5.Qe2 Be7 6.c3 d6 7.h3 O-O
8.O-O b5 9.Bc2 Bb7 10.a4 h6 11.Rd1 Qe8 12.Na3 b4 13.Nc4 a5 14.Ne3
Ba6 15.Bd3 Bxd3 16.Qxd3 Rb8 17.Nd5 Bd8 18.Qc4 Nxd5 19.Qxd5 Ne7
20.Qxa5 Qc6 21.d4 exd4 22.Rxd4 Qe8 23.Qa6 bxc3 24.bxc3 Nc6 25.Rd1
Rb6 26.Qd3 Na5 27.Be3 Rb2 28.Qd5 Nc6 29.a5 Bf6 30.a6 Ne7 31.Qc4
Qc6 32.Qxc6 Nxc6 33.a7 Ra8 34.Ra6 Ne7 35.e5 dxe5 36.Rd7 Rb7 37.Bc5
Ng6 38.Nd2 Nf8 39.Rd5 Ne6 40.Ne4 Nxc5 41.Nxf6+ gxf6 42.Rxc5 Raxa7
43.Rxf6 Kg7 44.Rcc6 Ra4 45.Rxh6 Rf4 46.Rh5 f6 47.f3 Kg6 48.Rh8
e4 49.fxe4 Rxe4 50.Rf8 Rf4 51.Kh2 Rf2 52.Rg8+ Kf7 53.Rg3 Ra7
54.h4 Rf4 55.Kh3 Ra1 56.Rxc7+ Ke6 57.Rg4 Rf2 58.Rcc4 f5 59.Rgf4
Rd2 60.Rcd4 Re2 61.Rf3 Raa2 62.Rg3 {and White won} {%30^030} 1-0

[Event "WA  Premier"]
[Site "Seattle"]
[Date "2010.02.13"]
[Round "5"]
[White "Kelley Dereque"]
[Black "Wang Michael"]
[Result "1-0"]
[WhiteElo "2156"]
[BlackElo "2079"]

1.d4 d5 2.c4 c6 3.Nf3 Nf6 4.Nc3 e6 5.Bg5 Nbd7 6.e3 Qa5 7.Nd2
Bb4 8.Qc2 e5 9.Be2 Ne4 10.Ndxe4 dxe4 11.Bh4 O-O 12.O-O f5 13.d5
h6 14.Rfd1 g5 15.Bg3 Bxc3 16.bxc3 c5 17.f3 exf3 18.gxf3 Qb6 19.f4
gxf4 20.exf4 e4 21.Kh1 Qd6 22.Qd2 Kh7 23.Qe3 Nf6 24.Bf2 b6 25.Rg1
Bd7 26.Bh4 Rg8 27.Bg5 Nxd5 28.cxd5 hxg5 29.fxg5 Rae8 30.Raf1
Kg7 31.c4 Rh8 32.Rf4 Qe5 33.Rg3 Qd4 34.Kg2 Re5 35.h4 b5 36.Qa3
Qd2 37.Qxa7 Rd8 38.Qc7 Qxf4 39.Qxd8 e3 40.Qxd7+ Kg8 41.g6 Qe4+
42.Bf3 Re7 43.Bxe4 Rxd7 44.Bxf5 e2 45.Re3 1-0

[Event "WA  Premier"]
[Site "Seattle"]
[Date "2010.02.13"]
[Round "5"]
[White "Dean Randy"]
[Black "Sang Tian"]
[Result "1-0"]
[WhiteElo "2095"]
[BlackElo "2130"]

1.e4 e5 2.Nf3 Nc6 3.Bb5 f5 4.d3 fxe4 5.dxe4 Nf6 6.O-O d6 7.Qd3
Bg4 8.Nc3 Be7 9.Qc4 Qd7 10.Ng5 Bh5 11.Nd5 Bd8 12.Nb4 a6 13.Ba4
h6 14.Nxc6 b5 15.Qe6+ Be7 16.Nxe7 hxg5 17.Nd5+ Qxe6 18.Nxc7+
Ke7 19.Nxe6 bxa4 20.Nxg5 Rhc8 21.c3 a3 22.b3 Rxc3 23.Bxa3 Bg6
24.f3 Nh7 25.Nxh7 Bxh7 26.Rac1 Rac8 27.Rxc3 Rxc3 28.Rc1 Rxc1+
29.Bxc1 d5 30.exd5 Kd6 31.Kf2 Kxd5 32.Ke3 Bb1 33.a3 Bc2 34.b4
Bb1 35.Bb2 Bc2 36.g3 g6 37.Bc3 Ba4 38.h3 Bc2 39.g4 Bd1 40.Bb2
g5 41.Bc1 Ke6 42.Kf2 Kf6 43.Be3 Bc2 44.Ke2 Ba4 45.Bb6 Bc6 46.Bd8+
Kg6 47.Ke3 Bb7 48.Be7 Bc6 49.Bc5 Kf6 50.Bb6 Ke7 51.Bc7 Kf6 52.Bd8+
Kg6 53.h4 gxh4 54.Bxh4 Bd7 55.Ke4 Bc6+ 56.Kxe5 Bxf3 57.Kf4 Bd1
58.Bd8 Kf7 59.g5 Ke8 60.Bb6 Bc2 61.Ke5 Ke7 62.Bc5+ Kf7 63.Kd6
Bd3 64.Kc6 Ke6 65.Be3 Ke5 66.Kb6 Kd6 67.Bc5+ Kd7 68.a4 Bc2 69.Kxa6
Bxa4 70.b5 Kc8 71.Bd6 Bc2 72.Bf4 Bd3 73.Kb6 Kd7 74.Kc5 Kc8 75.b6
Kb7 76.Be3 Bg6 77.Kd6 1-0

[Event "WA  Premier"]
[Site "Seattle"]
[Date "2010.02.13"]
[Round "5"]
[White "Warrier Vishnu"]
[Black "McMillan Charles"]
[Result "1/2-1/2"]
[WhiteElo "1913"]
[BlackElo "2068"]

1.e4 c5 2.Nf3 d6 3.d4 cxd4 4.Nxd4 Nf6 5.Nc3 a6 6.h3 e6 7.Be3
Nc6 8.f4 Bd7 9.Nf3 Qa5 10.Qd2 b5 11.e5 b4 12.exf6 bxc3 13.bxc3
gxf6 14.Bd3 d5 15.O-O Bc5 16.Rae1 O-O 17.Qf2 Bxe3 18.Rxe3 f5
19.Ng5 f6 20.Nxe6 Rf7 21.Nd4 Kh8 22.Rfe1 Rg8 23.Qh4 Qxc3 24.Nxf5
Bxf5 25.Bxf5 Qd2 26.Qf2 Qxf2+ 27.Kxf2 Rfg7 28.g4 Nd4 29.Bd3 h5
30.Re7 Rc8 31.Rxg7 Kxg7 32.gxh5 Rc3 33.Re7+ Kg8 34.h6 Rc8 35.Rg7+
Kh8 36.Rf7 Nxc2 37.Rxf6 Nb4 38.Bf5 Rd8 39.a3 Na2 40.Rxa6 d4 41.Rc6
Nc3 42.Rc8 Rxc8 43.Bxc8 Kh7 44.Ke1 Kxh6 45.Kd2 Nb5 46.Kd3 Nxa3
47.Kxd4 Kg7 48.Ke5 Nc4+ 49.Ke6 Ne3 50.Bb7 Kg6 51.Bf3 Kg7 52.h4
Kh6 53.h5 Kg7 54.Be4 Kh6 55.Bg6 Kg7 56.Be8 Kh6 57.Bf7 Kg7 58.Bg6
Kh6 59.Kf7 Ng4 60.Kf8 Nf6 61.Kf7 Ng4 1/2-1/2

[Event "WA  Premier"]
[Site "Seattle"]
[Date "2010.02.13"]
[Round "5"]
[White "MacGregor Michael"]
[Black "Xing Kerry"]
[Result "1-0"]
[WhiteElo "2176"]
[BlackElo "2110"]

1.e4 e6 2.d4 d5 3.Nc3 Bb4 4.e5 c5 5.Bd2 Ne7 6.f4 O-O 7.Nf3 Nbc6
8.Bd3 Nf5 9.Nb5 Bxd2+ 10.Qxd2 Ncxd4 11.Nfxd4 Nxd4 12.Nxd4 cxd4
13.Qb4 f5 14.Qxd4 Qa5+ 15.c3 Bd7 16.O-O Rac8 17.a4 Qc5 18.Qxc5
Rxc5 19.Kf2 a5 20.Ke3 Rfc8 21.Kd4 Kf7 22.h3 g6 23.g4 b6 24.gxf5
exf5 25.h4 Ke6 26.Rg1 Be8 27.Rg3 R8c7 28.b3 Rc8 29.Rh1 b5 30.axb5
Bxb5 31.h5 Bxd3 32.hxg6 Be4 33.Rh6 hxg6 34.Rhxg6+ Ke7 35.Rg7+
Kf8 36.Rg8+ Kf7 37.R3g7+ Ke6 38.Rg6+ Kf7 {%04(=?)} 39.e6+ Ke7
40.R8g7+ Kd6 41.e7+ Kd7 42.Rh6 Re8 43.Kxc5 Rxe7 44.Rxe7+ Kxe7
45.Ra6 Bc2 46.b4 axb4 47.cxb4 Be4 48.Rd6 {%30^030} 1-0

[Event "WA  Premier"]
[Site "Seattle"]
[Date "2010.02.13"]
[Round "5"]
[White "Watts Peter"]
[Black "Bartron Paul"]
[Result "1-0"]
[WhiteElo "1909"]
[BlackElo "2096"]

1.c4 e5 2.Nc3 Nf6 3.g3 Bc5 4.Bg2 Nc6 5.Nf3 d6 6.O-O a6 7.h3 Be6
8.d3 h6 9.e4 O-O 10.Kh2 Ne7 11.Ne1 Ne8 12.f4 f6 13.f5 Bf7 14.g4
c6 15.Qf3 Nc7 16.h4 d5 17.cxd5 cxd5 18.g5 fxg5 19.hxg5 h5 20.f6
Nc6 21.fxg7 Kxg7 22.Qf6+ Qxf6 23.gxf6+ Kg8 24.exd5 Nb4 25.Ne4
Bd4 26.d6 Ne6 27.a3 Nc6 28.Nf3 Ba7 29.Bh6 Rfd8 30.Nfg5 Nxg5 31.Nxg5
Rxd6 32.Be4 1-0

[Event "WA  Premier"]
[Site "Seattle"]
[Date "2010.02.13"]
[Round "6"]
[White "Warrier Vishnu"]
[Black "Kelley Dereque"]
[Result "0-1"]
[WhiteElo "1913"]
[BlackElo "2156"]

1.e4 c5 2.Nc3 Nc6 3.f4 g6 4.Nf3 Bg7 5.Bc4 e6 6.O-O Nge7 7.Qe1
Nd4 8.Nxd4 cxd4 9.f5 dxc3 10.f6 Bxf6 11.Rxf6 cxb2 12.Bxb2 Qb6+
13.Qf2 Qxb2 14.Rf1 Rf8 15.Rxf7 Rxf7 16.Qxf7+ Kd8 17.Qf8+ Kc7
18.Qxe7 Qd4+ 19.Kh1 Qxc4 20.Rf3 Kb8 21.h3 b6 22.Rc3 Qf1+ 23.Kh2
Qf4+ 24.g3 Qxd2+ 0-1

[Event "WA  Premier"]
[Site "Seattle"]
[Date "2010.02.13"]
[Round "6"]
[White "Sang Tian"]
[Black "MacGregor Michael"]
[Result "1/2-1/2"]
[WhiteElo "2130"]
[BlackElo "2176"]

1.e4 e5 2.f4 exf4 3.Nf3 Be7 4.Bc4 Nf6 5.e5 Ne4 6.O-O O-O 7.d3
d5 8.Bb3 Nc5 9.Bxf4 Nxb3 10.axb3 c5 11.Qe1 Nc6 12.Qg3 Bf5 13.Nc3
a6 14.Bg5 Bg6 15.Rae1 Rc8 16.Kh1 Bxg5 17.Nxg5 Nd4 18.Rf2 Rc6
19.Nf3 f6 20.Nh4 Re6 21.h3 Rfe8 22.Nxg6 hxg6 23.Qxg6 Rxe5 24.Rxe5
Rxe5 25.Qg4 Qe8 26.Kh2 Rg5 27.Qf4 Rf5 28.Qg3 Rg5 29.Qf4 Rf5 30.Qg3
Rg5 1/2-1/2

[Event "WA  Premier"]
[Site "Seattle"]
[Date "2010.02.13"]
[Round "6"]
[White "Xing Kerry"]
[Black "Watts Peter"]
[Result "1-0"]
[WhiteElo "2110"]
[BlackElo "1909"]

1.d4 d5 2.c4 c6 3.Nc3 Nf6 4.e3 e6 5.Nf3 Nbd7 6.Qc2 Bd6 7.g4 h6
8.Bd2 a6 9.Rg1 dxc4 10.Bxc4 b5 11.Bd3 c5 12.Ne4 Nxe4 13.Bxe4
Ra7 14.Rd1 c4 15.a4 Qc7 16.d5 exd5 17.Bxd5 Nf6 18.Bc3 Nxd5 19.Bxg7
Rg8 20.Qh7 Ne7 21.Bxh6 Bb4+ 22.Kf1 Qc6 23.Ne5 Qf6 24.Bf4 Bb7
25.h4 Qe6 26.Nxf7 Bd5 27.Ne5 Qf6 28.Rxd5 Nxd5 29.Qxg8+ 1-0

[Event "WA  Premier"]
[Site "Seattle"]
[Date "2010.02.13"]
[Round "6"]
[White "McMillan Charles"]
[Black "Bartron Paul"]
[Result "0-1"]
[WhiteElo "2068"]
[BlackElo "2096"]

1.e4 c5 2.Nf3 d6 3.d4 cxd4 4.Nxd4 Nf6 5.Nc3 a6 6.Bg5 Nbd7 7.f4
b5 8.Qf3 Bb7 9.O-O-O e6 10.Bd3 Qb6 11.Nb3 b4 12.Ne2 Rc8 13.Rhe1
a5 14.Nbd4 Be7 15.Qh3 Nxe4 16.Bxe7 Kxe7 17.f5 e5 18.f6+ Ndxf6
19.Nf5+ Kf8 20.Neg3 Nf2 21.Qh4 b3 22.axb3 Nxd1 23.Rxd1 h6 24.Kb1
g5 25.Qh3 e4 26.Be2 Qc5 27.Nd4 Rc7 28.Bg4 h5 29.Bf5 Bc8 30.Bxc8
Rxc8 31.Ngf5 Re8 32.Qe3 Rg8 33.h4 Ng4 34.Qg3 Qe5 35.Qc3 Rg6 36.Re1
Rf6 37.Ng3 gxh4 38.Nxe4 Rf4 0-1

[Event "WA  Premier"]
[Site "Seattle"]
[Date "2010.02.13"]
[Round "6"]
[White "Wang Michael"]
[Black "Dean Randy"]
[Result "0-1"]
[WhiteElo "2079"]
[BlackElo "2095"]

1.c4 e5 2.Nc3 d6 3.g3 Be6 4.Bg2 c6 5.d3 Nf6 6.Nf3 h6 7.O-O Nbd7
8.Rb1 d5 9.cxd5 cxd5 10.d4 e4 11.Ne1 Bd6 12.f3 exf3 13.exf3 O-O
14.Nd3 Rc8 15.Bf4 Nb6 16.Bxd6 Qxd6 17.Re1 Nc4 18.b3 Ne3 19.Nb5
Qb6 20.Rxe3 Qxb5 21.Bf1 Bf5 {(=?)} 22.g4 Bxd3 23.Bxd3 Qb4 24.Bf5
Rc7 25.Rb2 g6 26.Bb1 Rfc8 27.Rc2 Qb6 28.Qd3 Rxc2 29.Bxc2 Qc7
30.Re2 Qf4 31.Kg2 h5 32.gxh5 Nxh5 33.Re5 Qh4 34.Qd2 Nf4+ 35.Kg1
Kg7 36.Kh1 Qh3 37.Kg1 Qxf3 38.Re3 Nh3# {%30^030} 0-1

[Event "WA  Premier"]
[Site "Seattle"]
[Date "2010.02.14"]
[Round "7"]
[White "Watts Peter"]
[Black "Sang Tian"]
[Result "0-1"]
[WhiteElo "1909"]
[BlackElo "2130"]

1.d4 f5 2.c4 Nf6 3.g3 e6 4.Bg2 c6 5.Nd2 d5 6.Nh3 Bd6 7.O-O O-O
8.Qc2 Qe7 9.Nf3 b6 10.b3 Bb7 11.Nf4 Nbd7 12.Nd3 c5 13.e3 Rac8
14.Nfe5 Rfd8 15.Bb2 Ba6 16.dxc5 Nxc5 17.Nb4 Bb7 18.cxd5 exd5
19.Qxf5 Nce4 20.Nbd3 Rc2 21.Bd4 Bc8 22.Qf3 Ba6 23.Rfc1 Bxe5 24.Nxe5
Rxf2 25.Qxf2 Nxf2 26.Nc6 Qd7 27.Nxd8 Nd3 28.Bxf6 Nxc1 29.Rxc1
gxf6 30.Nc6 Kg7 31.Nb4 Bb7 32.Rd1 Qg4 33.Rd4 Qe2 34.Rf4 Qxe3+
35.Kf1 a5 36.Bxd5 Bxd5 37.Nxd5 Qd3+ 0-1

[Event "WA  Premier"]
[Site "Seattle"]
[Date "2010.02.14"]
[Round "7"]
[White "Dean Randy"]
[Black "Warrier Vishnu"]
[Result "1-0"]
[WhiteElo "2095"]
[BlackElo "1913"]

1.e4 c5 2.Nf3 e6 3.d4 cxd4 4.Nxd4 Nc6 5.Nc3 Qc7 6.g3 a6 7.Bg2
Nxd4 8.Qxd4 Ne7 9.Bf4 Qa5 10.O-O Nc6 11.Qd3 b5 12.a4 b4 13.Nd5
e5 14.Be3 Rb8 15.Bh3 Rb7 16.Rfd1 Bc5 17.c3 O-O 18.Bd2 d6 19.Bxc8
Rxc8 20.Qf3 bxc3 21.bxc3 Rcb8 22.Qg4 Kh8 23.Qh4 Rb2 24.Nf6 Bxf2+
25.Kh1 h6 26.Bxh6 1-0

[Event "WA  Premier"]
[Site "Seattle"]
[Date "2010.02.14"]
[Round "7"]
[White "Kelley Dereque"]
[Black "McMillan Charles"]
[Result "1-0"]
[WhiteElo "2156"]
[BlackElo "2068"]

1.c4 Nf6 2.Nc3 g6 3.e4 d6 4.d4 Bg7 5.Nf3 O-O 6.Be2 e5 7.O-O Nc6
8.d5 Ne7 9.Ne1 Nd7 10.Be3 f5 11.f3 f4 12.Bf2 g5 13.a4 a5 14.Nd3
Ng6 15.c5 Nf6 16.cxd6 cxd6 17.Rc1 Rf7 18.Qb3 g4 19.Qb6 Qe7 20.Nb5
g3 21.hxg3 fxg3 22.Bxg3 Ne8 23.Na7 Bd7 24.Qxb7 Rxa7 25.Qxa7 Qg5
26.Qf2 Nf6 27.f4 exf4 28.Bxf4 Nxf4 29.Qxf4 Qxf4 30.Rxf4 Bh6 31.Rc4
Bxf4 32.Nxf4 Rf8 33.b4 Bxa4 34.bxa5 Bb5 35.Rb4 Bxe2 36.Nxe2 Ra8
37.Ra4 Nd7 38.Nc3 Nc5 39.Ra2 Ra6 40.Kf2 Nb7 41.Nb5 Kf7 42.Ke3
Ke7 43.Nd4 Nd8 44.Kd3 Kd7 45.Kc4 Nb7 46.Nc6 Kc7 47.Kb5 Ra8 48.Rf2
Nd8 49.Nxd8 Rxd8 50.Rf7+ Kb8 51.Rxh7 Re8 52.Kb6 Rd8 53.g4 1-0

[Event "WA  Premier"]
[Site "Seattle"]
[Date "2010.02.14"]
[Round "7"]
[White "Bartron Paul"]
[Black "Xing Kerry"]
[Result "0-1"]
[WhiteElo "2096"]
[BlackElo "2110"]

1.d4 f5 2.c4 Nf6 3.Nc3 d6 4.Nf3 g6 5.g3 Bg7 6.Bg2 O-O 7.O-O Qe8
8.Re1 Qf7 9.d5 h6 10.Nd4 Na6 11.Ne6 Bxe6 12.dxe6 Qxe6 13.Bxb7
Qxc4 14.Bxa8 Rxa8 15.Qd3 Qc6 16.a3 Nc5 17.Qb5 Qxb5 18.Nxb5 Nd5
19.Rb1 c6 20.Rd1 Rb8 21.a4 a6 22.Na3 Nxa4 23.Rd2 Nc5 24.e3 Kf7
25.Rc2 Nb4 26.Re2 Nbd3 27.Nc4 Ke6 28.Na5 Kd7 29.b3 Bc3 30.Bd2
Ne4 31.Bxc3 Nxc3 32.Rd2 Nxb1 33.Rxd3 Na3 34.b4 Nc2 35.Nc4 Nxb4
36.Rb3 c5 0-1

[Event "WA  Premier"]
[Site "Seattle"]
[Date "2010.02.14"]
[Round "7"]
[White "MacGregor Michael"]
[Black "Wang Michael"]
[Result "0-1"]
[WhiteElo "2176"]
[BlackElo "2079"]

1.e4 c5 2.Nf3 d6 3.d4 cxd4 4.Nxd4 Nf6 5.Nc3 a6 6.Bc4 e6 7.O-O
b5 8.Bb3 Bb7 9.Re1 Nbd7 10.Bxe6 fxe6 11.Nxe6 Qb8 12.Nd5 Kf7 13.Ndc7
h6 14.b4 Be7 15.Qf3 Ne5 16.Qh3 Bc8 17.f4 Ra7 18.fxe5 Rxc7 19.Ng5+
Kg8 20.Qb3+ Rc4 21.Nf3 dxe5 22.Bb2 Bd6 23.Nd2 Qb6+ 24.Kh1 Be6
25.Nxc4 Bxc4 26.Qc3 Qf2 27.a4 Kh7 28.axb5 axb5 29.h3 Rf8 30.Rad1
Bc7 31.Bc1 Nh5 32.Be3 Ng3+ 33.Kh2 Nxe4 34.Bxf2 Nxc3 35.Bc5 Nxd1
36.Bxf8 e4+ 37.Kg1 e3 38.Rxd1 e2 39.Rb1 Bg3 0-1

[Event "WA  Premier"]
[Site "Seattle"]
[Date "2010.02.14"]
[Round "8"]
[White "Sang Tian"]
[Black "Bartron Paul"]
[Result "1-0"]
[WhiteElo "2130"]
[BlackElo "2096"]

1.e4 c5 2.Nf3 d6 3.d4 cxd4 4.Nxd4 Nf6 5.Nc3 a6 6.Be3 b5 7.f3
Bb7 8.g4 h6 9.h4 e6 10.Qd2 Nbd7 11.Rg1 g6 12.g5 Nh7 13.O-O-O
h5 14.Bd3 Be7 15.f4 b4 16.Na4 Qa5 17.b3 Nc5 18.f5 e5 19.fxg6
fxg6 20.Nxc5 dxc5 21.Ne6 Nf8 22.Bc4 Bc6 23.Ng7# 1-0

[Event "WA  Premier"]
[Site "Seattle"]
[Date "2010.02.14"]
[Round "8"]
[White "Wang Michael"]
[Black "Watts Peter"]
[Result "1-0"]
[WhiteElo "2079"]
[BlackElo "1909"]

1.c4 e5 2.Nc3 Nf6 3.g3 Bb4 4.Bg2 O-O 5.e4 Bxc3 6.dxc3 d6 7.Ne2
Be6 8.b3 Qd7 9.Bg5 Ne8 10.O-O Nc6 11.f4 f6 12.Bh4 g6 13.Rf2 Bg4
14.Qd5+ Be6 15.Qd3 Ng7 16.Raf1 f5 17.Bg5 Rae8 18.Rd1 fxe4 19.Bxe4
exf4 20.Bxf4 Bf5 21.Bxc6 bxc6 22.Qd2 Rxe2 23.Qxe2 Bg4 24.Qd2
Bxd1 25.Qxd1 Qe7 26.Bh6 Rxf2 27.Kxf2 Nf5 28.Bf4 Qe4 29.Qe2 Qxe2+
30.Kxe2 Kf7 31.g4 Ng7 32.Be3 h5 33.gxh5 a6 34.hxg6+ Kxg6 35.b4
Kf5 36.a4 Ke4 37.a5 Ne6 38.h4 d5 39.b5 cxb5 40.cxb5 axb5 41.a6
c5 42.a7 Nc7 43.Bxc5 Kf5 44.Bb6 Na8 45.Bd8 1-0

[Event "WA  Premier"]
[Site "Seattle"]
[Date "2010.02.14"]
[Round "8"]
[White "Warrier Vishnu"]
[Black "MacGregor Michael"]
[Result "0-1"]
[WhiteElo "1913"]
[BlackElo "2176"]

1.e4 e5 2.f4 exf4 3.Nf3 Be7 4.Bc4 Nf6 5.Nc3 d6 6.d3 O-O 7.Bxf4
Be6 8.Nd5 Bxd5 9.exd5 Nh5 10.Be3 Nd7 11.O-O Nb6 12.Bb3 Nf6 13.c4
Ng4 14.Bd4 Bf6 15.Qd2 Nxh2 16.Bxf6 Nxf1 17.Rxf1 Qxf6 18.d4 Rad8
19.Bc2 g6 20.b3 Qg7 21.a4 h6 22.Qb4 Rb8 23.a5 Nd7 24.c5 Nf6 25.Qc4
Ng4 26.cxd6 cxd6 0-1